Southville International School and Colleges
Your cart is empty.
  • Cart
  • Lists
    Public lists Eva Luna New books Lux_list list_1
    Your lists Log in to create your own lists
  • Log in to your account
  • Your cookies
  • Search history
Southville International School and Colleges
  • Advanced search
  • Recent comments
  • Most popular
  • Libraries

Log in to your account

Log in with GOOGLE


If you do not have an external account, but do have a local account, you can still log in:

  1. Home
  2. MARC view: Autism, asperger syndrome and pervasive development disorder :
Normal view MARC view ISBD view

Autism, asperger syndrome and pervasive development disorder : (Record no. 25001)

[ view plain ]
MARC details
000 -LEADER
fixed length control field 00643nam a2200193 a 4500
005 - DATE AND TIME OF LATEST TRANSACTION
control field 20140310183554.0
008 - FIXED-LENGTH DATA ELEMENTS--GENERAL INFORMATION
fixed length control field 111027s19uu xx 00 eng d
020 ## - INTERNATIONAL STANDARD BOOK NUMBER
International Standard Book Number 9781849058278
050 ## - LIBRARY OF CONGRESS CALL NUMBER
Classification number RC 553.A88
Item number .Qu85 2011
100 ## - MAIN ENTRY--PERSONAL NAME
Personal name Quinn, Barbara
245 ## - TITLE STATEMENT
Title Autism, asperger syndrome and pervasive development disorder :
Remainder of title an altered perspective /
Statement of responsibility, etc Barbara Quinn and Anthony Malone.
260 ## - PUBLICATION, DISTRIBUTION, ETC. (IMPRINT)
Place of publication, distribution, etc London :
Name of publisher, distributor, etc Jessica Kingsley Publishers,
Date of publication, distribution, etc 2011.
300 ## - PHYSICAL DESCRIPTION
Extent 207 p. :
Dimensions 23 cm.
650 ## - SUBJECT ADDED ENTRY--TOPICAL TERM
Topical term or geographic name as entry element Austism spectrum disorder
650 ## - SUBJECT ADDED ENTRY--TOPICAL TERM
Topical term or geographic name as entry element Child development deviation
700 ## - ADDED ENTRY--PERSONAL NAME
Personal name Malone, Anthony
942 ## - ADDED ENTRY ELEMENTS (KOHA)
Koha item type Books
Source of classification or shelving scheme Library of Congress Classification
Call number prefix Foreign
Holdings
Withdrawn status Lost status Source of classification or shelving scheme Damaged status Home library Current library Shelving location Date acquired Source of acquisition Total Checkouts Full call number Barcode Date last seen Copy number Price effective from Koha item type
    Library of Congress Classification   College Library College Library General Circulation Section 10/27/2011 Donation   RC 553.A88 .Qu85 2011 C13868 05/15/2018 1 03/10/2014 Books

Autism, asperger syndrome and pervasive development disorder :

APA

Quinn B., Malone A., . (2011). Autism, asperger syndrome and pervasive development disorder. London: Jessica Kingsley Publishers.

Chicago

Quinn Barbara, Malone Anthony, . 2011. Autism, asperger syndrome and pervasive development disorder. London: Jessica Kingsley Publishers.

Harvard

Quinn B., Malone A., . (2011). Autism, asperger syndrome and pervasive development disorder. London: Jessica Kingsley Publishers.

MLA

Quinn Barbara, Malone Anthony, . Autism, asperger syndrome and pervasive development disorder. London: Jessica Kingsley Publishers. 2011.

  • Place hold
  • Print
  • Cite
  • Add to your cart (remove)
  • Save record
    BIBTEX Dublin Core MARCXML MARC (non-Unicode/MARC-8) MARC (Unicode/UTF-8) MARC (Unicode/UTF-8, Standard) MODS (XML) RIS
  • More searches
    Search for this title in:
    Other Libraries (WorldCat) Other Databases (Google Scholar) Online Stores (Bookfinder.com) Open Library (openlibrary.org)

Exporting to Dublin Core...

SOUTHVILLE LIBRARY

Southville International School and Colleges Library

1281 Tropical Ave. Cor. Luxembourg St., BF Homes International, Las Pinas City

Tel. No. 8256374 / 252358 Loc. 117/146

Powered by Koha